LEADER 00814nam 2200277 450 001 9910283856403321 005 20180917123353.0 010 $a978-88-6843-507-3 100 $a20180917d2016----u y0engy50 ba 101 0 $a$ita$c 102 $aIT 105 0 $a 00 200 1 $aItalia civile$eassociazionismo, partecipazione e politica$fRoberto Biorcio e Tommaso Vitale 210 $aRoma$cDonzelli$d2016 215 $a213 p.$d25 cm 225 $aSaggi$estoria e scienze sociali 610 0 $aPartecipazione politica$aItalia 610 $aAssociazionismo 676 $a323.042$v22$zita 700 1$aBiorcio,$bRoberto$0143888 701 1$aVitale,$bTommaso$039609 912 $a9910283856403321 952 $a323.042 BIO 1$b5090$fbfs 959 $aBFS 996 $aItalia civile$91492701 997 $aUNINA